000
00211nam a22000857a 4500
008
170124b xxu||||| |||| 00| 0 eng d
100
_9
2544
_a
Khanna.B.
245
_a
General Knowledge-3
260
_a
New Delhi
_b
ABP
_c
2010
999
_c
5636
_d
5636